000 00650nam a22002057a 4500
003 0
005 20251107113541.0
008 251107b xxu||||| |||| 00| 0 eng d
020 _a0-440-29578-5
050 _aPS 3566.A647
_b.P37 1999
100 _aParetsky, Sara,
_eauthor.
245 _aHard time /
_cSara Paretsky.
260 _aNew York, NY :
_bDell Publishing,
_c1999.
300 _axii, 495 pages ;
_c18 cm.
650 _aDetective and mystery fiction.
650 _aWarshawski, V. I. (Fictitious character)
_xFiction.
650 _aWomen private investigators
_zIllinois
_zChicago
_xFiction.
650 _aPrisons
_xFiction.
942 _2lcc
_cBK
999 _c368486
_d368486